Historyczne regiony Polski - Statystyki

Ogólne statystyki
  • Ten quiz został rozwiązany 1 565 razy
  • Średni wynik to 12 z 25
Odpowiedzi na mapie
Odpowiedzi zakodowano w zielono-czerwonej skali na mapie do tego quizu, zgodnie z poniższymi procentami.
 
Statystyki odpowiedzi
Region % Poprawnych
Śląsk
92%
Mazowsze
91%
Wielkopolska
91%
Małopolska
89%
Warmia
78%
Podlasie
77%
Pomorze Gdańskie
74%
Pomorze Zachodnie
67%
Kujawy
65%
Ruś Czerwona
60%
Prusy Książęce
47%
Ziemia kłodzka
47%
Polesie
40%
Ziemia sieradzka i wieluńska
38%
Ziemia chełmińska
36%
Ziemia dobrzyńska
30%
Ziemia łęczycka
30%
Spisz
28%
Litwa
23%
Orawa
23%
Nowa Marchia
20%
Łużyce Dolne
17%
Łużyce Górne
17%
Pomorze Malborskie
17%
Ziemia lęborsko-bytowska
12%
Nie znaleziono quizów pasujących do podanych kryteriów
Rozkład punktacji
Procent ludzi z każdym wynikiem
Percentyl według liczby udzielonych odpowiedzi
Twoja historia wyników
Nie rozwiązałeś tego quizu